00309nam a2200121Ia 4500008004100000020000500041082002000046100001400066245003200080260005500112300000800167650001200175140316s9999 xx 000 0 und d a aUASbAR/2009-10 aKhadi,B.M aTwenty Fourth Annual Report aDharwadbUniversity of agricultural Sciencesc2010 a133 aReports